000 00280nam a22001337a 4500
003 SGT
020 _a938426688-4
082 _a302.2
_bARO
100 _aARORA, NAMITA
245 _aCOMMUNICATION SKILLS
260 _aINDIA
_bBIRLA PUB.
_c2025
300 _a122
942 _2ddc
_cBK
999 _c33021
_d33021